000 00923nam a22002057a 4500
003 OSt
005 20260418135450.0
008 260328b |||||||| |||| 00| 0 eng d
040 _c0
082 _aDPer 361.3095 As41 March-December 2024 v. 34 n. 1-4
100 _aGül, Cemre Pak.
_eauthor.
_970320
245 _aThe examination of family functioning in immunodeficiency patients in the context of McMaster family therapy in Turkey /
_cCemre Pak Gül, Merve Deniz Pak Güre, and Veli Duyan.
260 _aOxfordshire, United Kingdom :
_bRoutledge Taylor & Francis Group ,
_cMarch 2024.
300 _aVolume 34, pages 51-65 :
_billustration ;
_c24cm.
500 _aAsia Pacific Journal of Social Work & Development, vol. 34, no. 1, pages 51-65, March 2024.
700 _aGül, Cemre Pak.
_eauthor.
_970320
700 _aGüre, Merve Deniz Pak.
_eauthor.
_970321
700 _aDuyan, Veli.
_eauthor.
_970322
942 _2ddc
_cPER
999 _c24530
_d24530